000 01000nam a22002297a 4500
999 _c16301
_d16301
003 AR-CdUCM
008 190503b ||||| |||| 00| 0 spa d
040 _aMUNICIPALIDAD PROVINCIAL DEL CUSCO
_cBIBLIOTECA MUNICIPAL DEL CUSCO
082 _a340.7 /
_bAN61
100 _aAngulo A., Jorge M.
_930887
245 _aEnseñanza y aprendizaje del derecho /
260 _aTrujillo :
_c1962.
300 _a270 páginas ;
_c21.5 cm.
500 _aConferencias Latinoamericanas de Facultades de Derecho, Primera Convención de Facultades de Derecho del Perú.
505 _aContenido: Enseñanza de la ciencia Jurídica -- La facultad de Derecho y su metodología activa y formativa -- La profesión de Abogado -- Conferencia de facultades Latinoamericanas de Derecho -- Conferencias en México ...
650 _aDerecho
_9739
650 _aEstudio y enseñanza
_92610
650 _aMetodología
_92264
700 _aBoggio, René (prólogo)
_935669
942 _2ddc
_cLIBROS
945 _aachl
_d2019-05-03